Terus bina kesatuan bangsa, (Record no. 63827)

MARC details
000 -LEADER
fixed length control field 00623cam a22002051 4500
001 - CONTROL NUMBER
control field sa 65004565
003 - CONTROL NUMBER IDENTIFIER
control field DLC
005 - DATE AND TIME OF LATEST TRANSACTION
control field 20260227112131.0
008 - FIXED-LENGTH DATA ELEMENTS--GENERAL INFORMATION
fixed length control field 890913s1964 io 000 0 ind
010 ## - LIBRARY OF CONGRESS CONTROL NUMBER
LC control number sa 65004565
035 ## - SYSTEM CONTROL NUMBER
System control number (OCoLC)23536839
040 ## - CATALOGING SOURCE
Original cataloging agency DLC
Transcribing agency MiU
Modifying agency DLC
042 ## - AUTHENTICATION CODE
Authentication code premarc
050 00 - LIBRARY OF CONGRESS CALL NUMBER
Classification number DS644.2.1964
Item number .A66
100 1# - MAIN ENTRY--PERSONAL NAME
Personal name Abdulgani, Roeslan,
Dates associated with a name 1914-
245 10 - TITLE STATEMENT
Title Terus bina kesatuan bangsa,
Statement of responsibility, etc. oleh H. Roeslan Abdulgani.
260 ## - PUBLICATION, DISTRIBUTION, ETC.
Place of publication, distribution, etc. [Djakarta]
Name of publisher, distributor, etc. Departemen Penerangan
Date of publication, distribution, etc. [cover 1964]
300 ## - PHYSICAL DESCRIPTION
Extent 30 p.
Dimensions 22 cm.
500 ## - GENERAL NOTE
General note "Keputusan Presiden Republik Indonesia no. 140 tahun 1963": p. 29-30.

No items available.

Powered by Koha